00346pab a2200121 454500008004000000100002100040245005200061260000900113300001100122362001200133650003200145773004700177180718b1998 xxu||||| |||| 00| 0 eng d aAgarwala, Tanuja aHuman resource management: the challenges ahead c1998 ap.3-10 aJul-Sep aHuman resources development aIndian Journal of Training and Development